<?xml version="1.0" encoding="UTF-8"?>
<record
    xmlns:xsi="http://www.w3.org/2001/XMLSchema-instance"
    xsi:schemaLocation="http://www.loc.gov/MARC21/slim http://www.loc.gov/standards/marcxml/schema/MARC21slim.xsd"
    xmlns="http://www.loc.gov/MARC21/slim">

  <leader>00820cam a2200181 a 4500</leader>
  <controlfield tag="001">3067335</controlfield>
  <controlfield tag="005">20240226061555.0</controlfield>
  <controlfield tag="008">960614s1996    ce            000 0 eng  </controlfield>
  <datafield tag="020" ind1=" " ind2=" ">
    <subfield code="a">9559528440</subfield>
  </datafield>
  <datafield tag="040" ind1=" " ind2=" ">
    <subfield code="a">DLC</subfield>
    <subfield code="c">DLC</subfield>
    <subfield code="d">DLC</subfield>
  </datafield>
  <datafield tag="082" ind1="0" ind2="0">
    <subfield code="a">322.4.</subfield>
    <subfield code="2">21</subfield>
    <subfield code="b">BRI.</subfield>
  </datafield>
  <datafield tag="245" ind1="0" ind2="0">
    <subfield code="a">Britain, World War 2 &amp; the Sama Samajists :</subfield>
    <subfield code="b">a study of the documents contained in the secret files maintained by the Public Record Office, London /</subfield>
    <subfield code="c">edited by Wesley S. Muthiah and Sydney Wanasinghe.</subfield>
  </datafield>
  <datafield tag="260" ind1=" " ind2=" ">
    <subfield code="a">Colombo :</subfield>
    <subfield code="b">Young Socialist Publication,</subfield>
    <subfield code="c">1996.</subfield>
  </datafield>
  <datafield tag="300" ind1=" " ind2=" ">
    <subfield code="a">259 p. ;</subfield>
  </datafield>
  <datafield tag="500" ind1=" " ind2=" ">
    <subfield code="a">"These papers reveal how in 1940-42 the British imperial government persecuted, suppressed, and incarcerated the leaders of the Lanka Sama Samaja Party, because of their opposition to the War"--Cover.</subfield>
  </datafield>
  <datafield tag="650" ind1=" " ind2="0">
    <subfield code="a">World War, 1939-1945</subfield>
  </datafield>
  <datafield tag="942" ind1=" " ind2=" ">
    <subfield code="c">L</subfield>
  </datafield>
  <datafield tag="952" ind1=" " ind2=" ">
    <subfield code="0">0</subfield>
    <subfield code="1">0</subfield>
    <subfield code="4">0</subfield>
    <subfield code="7">0</subfield>
    <subfield code="8">L</subfield>
    <subfield code="a">WERCL</subfield>
    <subfield code="b">WERCL</subfield>
    <subfield code="d">2024-02-26</subfield>
    <subfield code="l">0</subfield>
    <subfield code="o">322.4. BRI.</subfield>
    <subfield code="p">5366</subfield>
    <subfield code="r">2024-02-26</subfield>
    <subfield code="w">2024-02-26</subfield>
    <subfield code="y">L</subfield>
  </datafield>
  <datafield tag="999" ind1=" " ind2=" ">
    <subfield code="c">490</subfield>
    <subfield code="d">490</subfield>
  </datafield>
</record>
